00329nam a2200121Ia 4500008004100000041000800041082001600049100002400065245004500089260003100134300003100165365001100196240624s9999 xx 000 0 und d aeng a658.408 PAR aPARTHASARATHY SWAMI aCORPORATE GOVERNANCE PRINCIPLES MECHANIS c2007aNew DelhibBiztantra axxi, : 414 : p. : cm. ; 26 cRSb30